000 00590nam a2200181Ia 4500
005 20250508160354.0
008 008 250505s9999 xx 000 0 eng d
037 _aTextual
040 _aFEDL
_beng
_cFEDL
041 _aeng
_2eng
084 _a371.103, NAT
_qFEDL
245 0 _aPTA manual for parent-teacher associations in membership with the national congress of parents and teachers
260 _aChicago, USA
_bNational Congress of Parents and Teachers
_c1963
300 _a264p.
650 _aTeaching
942 _cTEXL
_h371.103, NAT
999 _c1364158
_d1364158